000 aam a22 a 4500
999 _c4192
_d4192
003 AKMAL
005 20170525145837.0
008 170525s1981 my a00 may d
040 _aAKMAL
082 0 4 _a959.504 BUY
090 _a959.504
_bBUY
100 0 _aBuyong Adil,
_cHaji,
_d1907-1976
_97969
245 1 _aSejarah Selangor /
_coleh Haji Buyong Ali ; (disunting oleh Abd. Karim bin Abu Bakar)
260 _aKuala Lumpur :
_bDewan Bahasa dab Pustaka,
_c1981
300 0 0 _a209ms. :
_bil., peta, pot. ;
_c21cm
490 0 _aSiri sejarah nusantara
504 _aBibliografi: ms.191-192
651 0 _aSelangor
_xHistory
_98223
700 0 _aAbd. Karim bin Abu Bakar
_98224
942 _2ddc
_cBOOK